[Event "Reykjavik op"]
[Site "Reykjavik"]
[Date "2024.03.20"]
[Round "8"]
[White "Brade, Henry"]
[Black "Eustratiadis, Panagiotis"]
[Result "1-0"]
[WhiteElo "1771"]
[BlackElo "1653"]
[PlyCount "51"]
[EventDate "2024.03.15"]
[EventType "swiss"]
[EventRounds "9"]
[EventCountry "ISL"]
[SourceTitle "CB13_2024"]
[SourceDate "2024.03.27"]
[SourceVersion "1"]
[SourceVersionDate "2024.03.27"]
[SourceQuality "1"]

1. d4 d5 2. Nc3 Nf6 3. Bf4 g6 4. Nb5 Na6 5. e3 c6 6. Nc3 Bg7 7. Bxa6 bxa6 8. h3 a5 9. Qd3 Qb6 10. b3 Ba6 11. Qd2 0-0 12. Nge2 Ne4 13. Nxe4 dxe4 14. Nc3 Rfd8 15. Na4 Qb5 16. c4 Qh5 17. g4 Qh4 18. Bg3 Qg5 19. Bf4 Qf6 20. Qxa5 Rxd4 21. g5 Qf5 22. Qxf5 gxf5 23. exd4 Bxd4 24. Rd1 e5 25. Ke2 Rd8 26. Bxe5 1-0

[Event "Reykjavik op"]
[Site "Reykjavik"]
[Date "2024.03.19"]
[Round "7"]
[White "Grigoriev, Dmitriy"]
[Black "Brade, Henry"]
[Result "1-0"]
[WhiteElo "1986"]
[BlackElo "1771"]
[PlyCount "213"]
[EventDate "2024.03.15"]
[EventType "swiss"]
[EventRounds "9"]
[EventCountry "ISL"]
[SourceTitle "CB13_2024"]
[SourceDate "2024.03.27"]
[SourceVersion "1"]
[SourceVersionDate "2024.03.27"]
[SourceQuality "1"]

1. e4 c5 2. d4 cxd4 3. Qxd4 Nc6 4. Qd3 Nf6 5. Nc3 e6 6. Bf4 Bb4 7. 0-0-0 Bxc3 8. Qxc3 0-0 9. f3 d5 10. Ne2 Qb6 11. Be3 Qc7 12. Bg5 Nd7 13. exd5 exd5 14. Rxd5 Nb6 15. Rd1 Be6 16. Nd4 Nd5 17. Qc5 h6 18. Nxe6 fxe6 19. Bd2 Rac8 20. Bd3 Qf7 21. Rhe1 Ncb4 22. Qd4 Nxd3+ 23. Qxd3 Rfd8 24. Qe4 Rc6 25. c3 Rdc8 26. Be3 Rxc3+ 27. bxc3 Nxc3 28. Qd3 Qc7 29. Kd2 Nxd1 30. Kxd1 Rd8 31. Bd4 e5 32. Re4 Qa5 33. Qc4+ Kh8 34. f4 exd4 35. Rxd4 Qh5+ 36. Kc2 Re8 37. Re4 Rf8 38. Qb4 Qf7 39. Qc4 Qf6 40. Qd4 Rc8+ 41. Kb2 Qc6 42. Qd3 a5 43. a4 b5 44. axb5 Qc5 45. Rd4 Qc1+ 46. Kb3 Qc7 47. Rd7 Qb6 48. Rd6 Qb8 49. b6 Qa8 50. Qd5 a4+ 51. Kb4 a3 52. Qxa8 Rxa8 53. Rd1 a2 54. Ra1 Kg8 55. Kb5 Ra3 56. Kc4 Ra8 57. Kd5 Ra6 58. Kc5 Ra3 59. Kc4 Ra8 60. Kc5 Ra3 61. Kd5 Ra6 62. b7 Rb6 63. Rxa2 Rxb7 64. Ke6 Rb6+ 65. Kf5 g6+ 66. Kg4 Kf7 67. g3 Kf6 68. Ra5 Rc6 69. Kh4 Re6 70. f5 gxf5 71. Kh5 Re8 72. Ra6+ Kg7 73. Rg6+ Kf7 74. Rxh6 Rg8 75. Kh4 Rg4+ 76. Kh3 Re4 77. Kg2 Kg7 78. Rc6 Re2+ 79. Kg1 Rd2 80. Re6 Rd1+ 81. Kg2 Rd2+ 82. Kg1 Rd1+ 83. Kg2 Rd2+ 84. Kh3 Rd4 85. Re2 Kg6 86. Kg2 Kg5 87. h3 Rc4 88. Rb2 Ra4 89. Kf3 Ra1 90. h4+ Kh5 91. Rb5 Kg6 92. Rb6+ Kh5 93. Rf6 Ra5 94. Kf4 Ra4+ 95. Kxf5 Rg4 96. Rh6+ Kxh6 97. Kxg4 Kg6 98. h5+ Kg7 99. Kg5 Kh7 100. g4 Kg7 101. Kf5 Kh7 102. Kf6 Kh6 103. g5+ Kh7 104. Kf7 Kh8 105. h6 Kh7 106. g6+ Kh8 107. g7+ 1-0

[Event "Reykjavik op"]
[Site "Reykjavik"]
[Date "2024.03.17"]
[Round "4"]
[White "Brade, Henry"]
[Black "Beyerle, Gregor"]
[Result "1-0"]
[WhiteElo "1771"]
[BlackElo "1610"]
[PlyCount "50"]
[EventDate "2024.03.15"]
[EventType "swiss"]
[EventRounds "9"]
[EventCountry "ISL"]
[SourceTitle "CB13_2024"]
[SourceDate "2024.03.27"]
[SourceVersion "1"]
[SourceVersionDate "2024.03.27"]
[SourceQuality "1"]

1. d4 Nf6 2. Nc3 d5 3. Bf4 c5 4. e4 e6 5. e5 cxd4 6. Qxd4 Nc6 7. Bb5 Nd7 8. Qa4 Bc5 9. Bxc6 bxc6 10. b4 Bd4 11. Nge2 Qb6 12. 0-0 Bxe5 13. Rad1 Ba6 14. Rfe1 Bxe2 15. Nxe2 Bxf4 16. Nxf4 0-0 17. c4 Qc7 18. cxd5 Nb6 19. d6 Qxd6 20. Rxd6 Nxa4 21. Rxc6 Rfc8 22. Rec1 Rxc6 23. Rxc6 Nb6 24. g3 Rd8 25. a4 e5 1-0

[Event "Reykjavik op"]
[Site "Reykjavik"]
[Date "2024.03.16"]
[Round "3"]
[White "Heidarsson, Mikael Bjarki"]
[Black "Brade, Henry"]
[Result "1-0"]
[WhiteElo "1913"]
[BlackElo "1771"]
[PlyCount "77"]
[EventDate "2024.03.15"]
[EventType "swiss"]
[EventRounds "9"]
[EventCountry "ISL"]
[SourceTitle "CB13_2024"]
[SourceDate "2024.03.27"]
[SourceVersion "1"]
[SourceVersionDate "2024.03.27"]
[SourceQuality "1"]

1. d4 d5 2. c4 e6 3. Nc3 a6 4. cxd5 exd5 5. Nf3 Nf6 6. Bg5 Be6 7. e3 h6 8. Bh4 Nbd7 9. Bd3 Bd6 10. 0-0 c6 11. Rb1 Qc7 12. Bg3 Bxg3 13. hxg3 Bg4 14. Na4 Ne4 15. Rc1 0-0 16. b4 b5 17. Nc5 Ndxc5 18. bxc5 a5 19. Qc2 Bxf3 20. gxf3 Ng5 21. Kg2 Rfe8 22. e4 dxe4 23. Bxe4 Qd7 24. Qd3 Qh3+ 25. Kg1 Rac8 26. Bf5 Qh5 27. Bg4 Nh3+ 28. Kg2 Qg5 29. Bxh3 Rcd8 30. Rfd1 Qd5 31. a3 a4 32. Bf5 g6 33. Bxg6 fxg6 34. Qxg6+ Kf8 35. Qxh6+ Ke7 36. Qg7+ Ke6 37. Re1+ Kf5 38. g4+ Kf4 39. Qf6+ 1-0

[Event "Reykjavik op"]
[Site "Reykjavik"]
[Date "2023.03.31"]
[Round "4"]
[White "Brade, Henry"]
[Black "Lohia, Sohum"]
[Result "0-1"]
[WhiteElo "1668"]
[BlackElo "2081"]
[PlyCount "72"]
[EventDate "2023.03.29"]
[EventType "swiss"]
[EventRounds "9"]
[EventCountry "ISL"]
[SourceTitle "CBM 213 Extra"]
[Source "ChessBase"]
[SourceDate "2023.05.31"]
[SourceVersion "1"]
[SourceVersionDate "2023.05.31"]
[SourceQuality "1"]

1. e4 e5 2. Nf3 Nc6 3. Bb5 a6 4. Ba4 Nf6 5. 0-0 b5 6. Bb3 Bc5 7. a4 Rb8 8. Nxe5 Nxe5 9. d4 Bxd4 10. Qxd4 d6 11. f4 Nc6 12. Qc3 Bb7 13. axb5 axb5 14. e5 Ne4 15. Qe3 Ne7 16. exd6 Qxd6 17. Nd2 Nxd2 18. Bxd2 0-0 19. Bc3 Nd5 20. Bxd5 Qxd5 21. Qg3 f6 22. Rad1 Qc6 23. Rd2 Rbd8 24. Rfd1 Rxd2 25. Rxd2 Re8 26. h3 Qc5+ 27. Kh2 Qf5 28. Qg4 Qxg4 29. hxg4 Bc8 30. Kg3 Kf7 31. Kh4 c5 32. Ba5 Re4 33. f5 Bxf5 34. Kg3 Rxg4+ 35. Kf3 h5 36. Rd5 Be4+ 0-1